000 00436nam a2200193Ia 4500
005 20240823035255.0
008 240823s9999||||xx |||||||||||||| ||und||
020 _a978-0-14-104537-5
041 _aENGLISH
082 _A813.54 P9
100 _aTruman Capote
245 0 _aSummer Crossing
250 _a1st
260 _c2009
_b"Penguin Books,En"
500 _aYES
650 _aNovel
_bEnglish
942 _cBK
999 _c200293
_d200293